| 000 | 00473 a2200145 4500 | ||
|---|---|---|---|
| 082 | _a629.1323KUE | ||
| 090 |
_c32229 _d32229 |
||
| 100 | _aKuethe, Arnold M. ; Schetzer, J. D. | ||
| 245 |
_aFoundation of Aerodynamics ; Bases of Aerodynamics Design _cArnold M. Kuethe |
||
| 260 |
_aNY _bJOhn Wiley _c1965 |
||
| 300 |
_a555 p. [4884-4904 origional books] _bPhotostate |
||
| 500 | _aBE textbook Aerospace | ||
| 600 | _aSchetzer, J. D. | ||
| 942 |
_aNUST-CAE _k629.1323KUE |
||
| 999 |
_c416806 _d416806 |
||